<?xml version="1.0" encoding="UTF-8"?>
<collection xmlns="http://www.loc.gov/MARC21/slim">
  <record>
    <leader>00000nam  2200000   4500</leader>
    <controlfield tag="001">INLIS000000000008789</controlfield>
    <controlfield tag="005">20230621115232</controlfield>
    <datafield tag="035" ind1="#" ind2="#">
      <subfield code="a">0010-0323000049</subfield>
    </datafield>
    <controlfield tag="001">INLIS000000000008789</controlfield>
    <controlfield tag="005">20230320042522</controlfield>
    <datafield tag="035" ind1="#" ind2="#">
      <subfield code="a">0010-0323000049</subfield>
    </datafield>
    <datafield tag="035" ind1="#" ind2="#">
      <subfield code="a">0010-0323000049</subfield>
    </datafield>
    <datafield tag="035" ind1="#" ind2="#">
      <subfield code="a">0010-0323000049</subfield>
    </datafield>
    <controlfield tag="007">ta</controlfield>
    <controlfield tag="008">230621################|##########|#|##</controlfield>
    <datafield tag="082" ind1="#" ind2="#">
      <subfield code="a">050.11</subfield>
    </datafield>
    <datafield tag="084" ind1="#" ind2="#">
      <subfield code="a">050.11 NIP</subfield>
    </datafield>
    <datafield tag="245" ind1="#" ind2="#">
      <subfield code="a">Niponica :</subfield>
      <subfield code="b">Discovering Japan Special Feature Tokyo: The Ultimate Gourmet Experience</subfield>
    </datafield>
    <datafield tag="260" ind1="#" ind2="#">
      <subfield code="a">Japan :</subfield>
      <subfield code="b">Ministry of Foreign Affairs of Japan,</subfield>
      <subfield code="c">2020</subfield>
    </datafield>
    <datafield tag="300" ind1="#" ind2="#">
      <subfield code="a">27 halaman :</subfield>
      <subfield code="b">gambar ;</subfield>
      <subfield code="c">21x29 cm</subfield>
    </datafield>
    <datafield tag="650" ind1="#" ind2="4">
      <subfield code="a">Niponica 2020</subfield>
    </datafield>
    <datafield tag="650" ind1="#" ind2="4">
      <subfield code="a">Majalah 2020</subfield>
    </datafield>
    <datafield tag="520" ind1="#" ind2="#">
      <subfield code="a">Tokyo: The Ultimate Gourmet Experience</subfield>
    </datafield>
    <datafield tag="856" ind1="#" ind2="#">
      <subfield code="a">OPAC (Rak Majalah 2020)</subfield>
    </datafield>
    <datafield tag="505" ind1="#" ind2="#">
      <subfield code="a">Contents:&#13;
Special Feature Tokyo: The Ultimate Gourmet Experiance; Japanese Cuisine for the Seasons; Traditional Japanese Cuisine over the Centuries; A Heritage of Skills from Old Edo; Surprisingly Diverse Produce Grown in Tokyo; Savoring Tokyo in a Day; Okubo: Crossroads of Asian Cuisine; Local Production for Local Consumption in Ginza; Tokyo's Unique Culture of Bread; Strolling Japan Ueno; Souvenirs of Japan Food Replica Lifestyle Accessories.</subfield>
    </datafield>
    <datafield tag="250" ind1="#" ind2="#">
      <subfield code="a">No. 28</subfield>
    </datafield>
    <datafield tag="990" ind1="#" ind2="#">
      <subfield code="a">08/MJ-20</subfield>
    </datafield>
  </record>
</collection>
